书目信息 |
| 题名: |
色彩基础教程
|
|
| 作者: | 马新宇 编著 | |
| 分册: | ||
| 出版信息: | 郑州 河南美术出版社 1997.03 |
|
| 页数: | 65页 | |
| 开本: | 16开 | |
| 丛书名: | ||
| 单 册: | ||
| 中图分类: | J063 | |
| 科图分类: | ||
| 主题词: | 美术理论 | |
| 电子资源: | ||
| ISBN: | 7-5401-0579-8 | |
| 000 | 00538nam0 2200193 45 | |
| 001 | 0012141560 | |
| 005 | 20001214152633.3 | |
| 010 | @a7-5401-0579-8@d19.80元 | |
| 100 | @a20001214d1997 km y0chiy0120 ea | |
| 101 | 0 | @achi |
| 105 | @a z 000yy | |
| 200 | 1 | @a色彩基础教程@ASe Cai Ji Chu Jiao Cheng@f马新宇编著@FMa Xin Yu Bian Zhu |
| 210 | @a郑州@c河南美术出版社@d1997.03 | |
| 215 | @a65页@d16开 | |
| 606 | 0 | @a美术理论 |
| 690 | @aJ063@v3 | |
| 701 | 0 | @a马新宇@4编著 |
| 801 | @aCN@bPftUser@c20001214 | |
| 905 | @b313102-105@dJ063@eM928@f4 | |
| 色彩基础教程/马新宇编著.-郑州:河南美术出版社,1997.03 |
| 65页;16开 |
| ISBN 7-5401-0579-8:19.80元 |
| ● |
| 相关链接 |
|
|
|
正题名:色彩基础教程
索取号:J063/M928
 
预约/预借
| 序号 | 登录号 | 条形码 | 馆藏地/架位号 | 状态 | 备注 |
| 1 | 313102 | 203131020 | 社科库309/309社科库 64排3列3层/ [索取号:J063/M928] | 在馆 | |
| 2 | 313103 | 203131039 | 社科库309/309社科库 64排3列3层/ [索取号:J063/M928] | 在馆 | |
| 3 | 313104 | 203131048 | 社科库309/309社科库 64排3列3层/ [索取号:J063/M928] | 在馆 | |
| 4 | 313105 | 203131057 | 社科库309/309社科库 64排3列3层/ [索取号:J063/M928] | 在馆 |